Numerical Linear Algebra: Theory and Applications (Запис № 448642)

МАРК-запис
000 -LEADER
fixed length control field 03876nam a22005535i 4500
001 - CONTROL NUMBER
control field 978-3-319-57304-5
003 - CONTROL NUMBER IDENTIFIER
control field DE-He213
005 - DATE AND TIME OF LATEST TRANSACTION
control field 20210118133633.0
007 - PHYSICAL DESCRIPTION FIXED FIELD--GENERAL INFORMATION
fixed length control field cr nn 008mamaa
008 - FIXED-LENGTH DATA ELEMENTS--GENERAL INFORMATION
fixed length control field 170919s2017 gw | s |||| 0|eng d
020 ## - INTERNATIONAL STANDARD BOOK NUMBER
International Standard Book Number 9783319573045
-- 978-3-319-57304-5
024 7# - OTHER STANDARD IDENTIFIER
Standard number or code 10.1007/978-3-319-57304-5
Source of number or code doi
050 #4 - LIBRARY OF CONGRESS CALL NUMBER
Classification number QA184-205
072 #7 - SUBJECT CATEGORY CODE
Subject category code PBF
Source bicssc
072 #7 - SUBJECT CATEGORY CODE
Subject category code MAT002050
Source bisacsh
072 #7 - SUBJECT CATEGORY CODE
Subject category code PBF
Source thema
082 04 - DEWEY DECIMAL CLASSIFICATION NUMBER
Classification number 512.5
Edition number 23
100 1# - MAIN ENTRY--PERSONAL NAME
Personal name Beilina, Larisa.
Relator term author.
Relator code aut
-- http://id.loc.gov/vocabulary/relators/aut
245 10 - TITLE STATEMENT
Title Numerical Linear Algebra: Theory and Applications
Medium [electronic resource] /
Statement of responsibility, etc by Larisa Beilina, Evgenii Karchevskii, Mikhail Karchevskii.
250 ## - EDITION STATEMENT
Edition statement 1st ed. 2017.
264 #1 -
-- Cham :
-- Springer International Publishing :
-- Imprint: Springer,
-- 2017.
300 ## - PHYSICAL DESCRIPTION
Extent XIV, 450 p. 15 illus., 14 illus. in color.
Other physical details online resource.
336 ## -
-- text
-- txt
-- rdacontent
337 ## -
-- computer
-- c
-- rdamedia
338 ## -
-- online resource
-- cr
-- rdacarrier
347 ## -
-- text file
-- PDF
-- rda
505 0# - FORMATTED CONTENTS NOTE
Formatted contents note Preface -- 1. Preliminaries -- 2. Vector Spaces -- 3. Inner Product Spaces -- 4. Linear Operators -- 5. Canonical Forms and Factorizations -- 6. Vector and Matrix Norms -- 7. Elements of the Perturbation Theory -- 8. Solving Systems of Linear Equations -- 9. Numerical solution of Linear Least Squares Problems -- 10. Algorithms for the Nonsymmetric Eigenvalue Problem -- 11. Algorithms for Solution of Symmetric Eigenvalue problem -- 12. Introduction to Iterative Methods for Solution of Linear Systems -- A. Matlab Programs -- References.
520 ## - SUMMARY, ETC.
Summary, etc This book combines a solid theoretical background in linear algebra with practical algorithms for numerical solution of linear algebra problems.Developed from a number of courses taught repeatedly by the authors, the material covers topics like matrix algebra, theory for linear systems of equations, spectral theory, vector and matrix norms combined with main direct and iterative numerical methods, least squares problems, and eigen problems.Numerical algorithms illustrated by computer programs written in MATLAB® are also provided as supplementary material on SpringerLink to give the reader a better understanding of professional numerical software for the solution of real-life problems.Perfect for a one- or two-semester course on numerical linear algebra, matrix computation, and large sparse matrices, this text will interest students at the advanced undergraduate or graduate level.
506 ## - RESTRICTIONS ON ACCESS NOTE
Terms governing access Available to subscribing member institutions only. Доступно лише організаціям членам підписки.
506 ## - RESTRICTIONS ON ACCESS NOTE
Standardized terminology for access restriction Online access from local network of NaUOA.
506 ## - RESTRICTIONS ON ACCESS NOTE
Standardized terminology for access restriction Online access with authorization at https://link.springer.com/
506 ## - RESTRICTIONS ON ACCESS NOTE
Standardized terminology for access restriction Онлайн-доступ з локальної мережі НаУОА.
506 ## - RESTRICTIONS ON ACCESS NOTE
Standardized terminology for access restriction Онлайн доступ з авторизацією на https://link.springer.com/
650 #0 - SUBJECT ADDED ENTRY--TOPICAL TERM
Topical term or geographic name as entry element Matrix theory.
650 #0 - SUBJECT ADDED ENTRY--TOPICAL TERM
Topical term or geographic name as entry element Algebra.
650 14 - SUBJECT ADDED ENTRY--TOPICAL TERM
Topical term or geographic name as entry element Linear and Multilinear Algebras, Matrix Theory.
-- http://scigraph.springernature.com/things/product-market-codes/M11094
700 1# - ADDED ENTRY--PERSONAL NAME
Personal name Karchevskii, Evgenii.
Relator term author.
Relator code aut
-- http://id.loc.gov/vocabulary/relators/aut
700 1# - ADDED ENTRY--PERSONAL NAME
Personal name Karchevskii, Mikhail.
Relator term author.
Relator code aut
-- http://id.loc.gov/vocabulary/relators/aut
710 2# - ADDED ENTRY--CORPORATE NAME
Corporate name or jurisdiction name as entry element SpringerLink (Online service)
773 0# - HOST ITEM ENTRY
Title Springer eBooks
776 08 - ADDITIONAL PHYSICAL FORM ENTRY
Display text Printed edition:
International Standard Book Number 9783319573021
776 08 - ADDITIONAL PHYSICAL FORM ENTRY
Display text Printed edition:
International Standard Book Number 9783319573038
776 08 - ADDITIONAL PHYSICAL FORM ENTRY
Display text Printed edition:
International Standard Book Number 9783319861272
856 40 - ELECTRONIC LOCATION AND ACCESS
Uniform Resource Identifier <a href="https://doi.org/10.1007/978-3-319-57304-5">https://doi.org/10.1007/978-3-319-57304-5</a>
912 ## -
-- ZDB-2-SMA
942 ## - ADDED ENTRY ELEMENTS (KOHA)
Koha item type ЕКнига

Немає доступних примірників.